01226nam a2200277 a 450000100100000000500170001000800410002704000250006808200200009324501230011324600380023625000110027426000480028530000280033349000690036149000250043059000260045565000280048170000390050983000760054883000320062491000370065695201190069395201190081299900170093100003891320240604194808.0130503s2005 dr 000 0 spa d aDO-SdBNPbspacBNPHU a300aI61c, 200500aIntroducción a las ciencias sociales :bICS-011 texto guía de consulta /cCeledonio Jiménez Santos ... [et al.].13aIC-011:bTexto guía de consulta a4a ed. aSanto Domingo :bUniversitaria-UASD,c2005. a320 p. :bil. ;c21 cm.1 aPublicaciones de la Universidad Autónoma de Santo Domingov8581 aEstudios socialesv1 aInventariado, 2018/VM 0aCiencias sociales9106512aJiménez Santos, Celedonio914500 0aPublicaciones de la Universidad Autónoma de Santo Domingon858965178 0aEstudios socialesn1914502 aValidado. Control de calidad MFF 0010718PDaPDbPDcHDd2013-05-03iLF1l0o300 I61c, 2005 p38913-10r2020-06-25w2020-06-25yLFPDZNo se presta 0010718PDaPDbPDcHDd2018-05-17iLF1l0o300 I61c, 2005 p38913-20r2020-06-25w2020-06-25yLFPDZNo se presta c38403d38403